000 03471cam a2200289 i 4500
001 a47334794
003 SIRSI
005 20251024124018.0
008 240802t20252025enka b 001 0 eng d
010 _a 2024937106
020 _a9781529667257
035 _a(OCoLC)1450556995
040 _aYDX
_beng
_erda
_cYDX
_dYDX
_dOCLCO
_dNZTOI
_dUtOrBLW
041 _aeng
050 4 _aQ335
_b.A78 2025
245 0 0 _aArtificial intelligence and work
_b: transforming work, organizations, and society in an age of insecurity
_c/ edited by John Bratton and Laura Steele.
260 _aLondon ;
_aThousand Oaks, CA :
_bSage,
_c2025.
300 _axx, 276 pages :
_billustrations, portraits (black and white) ;
_c25 cm.
504 _aIncludes bibliographical references and index.
505 0 _aPart 1 Historical and Global Context — 1 Technology, Societal Change, and Artificial Intelligence — John Bratton — 2 The New Dark Age of Artificial Intelligence — Shireen Kanji — 3 Neoliberalism and Global Supply Chains — Jamie Woodcock — 4 Global AI Policies and International Business — Claire Kilpatrick & Kieran M Conroy — 5 Financialization, Artificial Intelligence, and Employment — Rachelle Pascoe Deslauriers — 6 The New Enigmas: AI and Platform Work — Edward Granter and Mattia Bosciano — 7 Just AI? Gender, Power, and Intersectional Discrimination — Birgit Schippers — Part 2 Key Issues — 8 Power and Artificial Intelligence — Saara Ala-Luopa, Thomas Olsson, Mohammad Hossein Jarrahi — 9 Developing and Deploying Ethical AI: A Global Challenge — Laura Steele and Roslyn Larkin — 10 Artificial Intelligence and Leadership — Laura Steele — 11 The Power of AI to Reshape Human Resource Management — John Bratton — 12 Artificial Intelligence and Workers' Voice: A Threat to Democracy? — Rea Prouska and Kabiru Oyetunde — 13 Re-thinking Work-Life Balance in the Age of AI: Exploring the Intersections of Gender, Race, Age, and Disability — Stuart McClure, Bahareh Ansari, Julie McCandless, and Laura Steele — 14 AI and Organizational Sustainability in the Face of the Climate Crisis — Andrew Bratton.
520 _aIn a world characterised by insecurity fuelled by factors including neoliberalism, financial viability, political instability, regional wars, the pandemic, and the climate crisis, Artificial Intelligence (AI) is transforming our work, organisations, societies, and the natural environment. But, this critical new text asks, who really benefits and how from the development and deployment of AI. In addition to providing readers with an essential overview of the nature, history, and applications of AI, it examines important themes including the future of work, digitalization, the impact of neoliberalism and financialization, power relations, ethics, inequality, gender, race, and intersectional discrimination, and environmental sustainability. This interdisciplinary text is essential reading for students studying contemporary and emerging issues in business and management, including AI, business analytics, digitalization, and the future of work, or as recommended reading for courses on the sociology of work, ethics, organization studies, management, leadership, and HRM." -- Provided by publisher.
650 0 _aArtificial Intelligence
_914147
650 0 _aTechnology in the workplace
_926316
700 _aBratton, John
_eeditor.
_926317
700 _aSteele, Laura
_eeditor
_926318
942 _2lcc
999 _c5102
_d5102